Biggest Cities in Louisiana A-Z - Statistics

General Stats
  • This quiz has been taken 23 times
  • The average score is 9 of 25
Answer Stats
Letter Population Answer % Correct
B 222,185 Baton Rouge
95%
N 376,971 New Orleans
95%
L 121,771 Lafayette
86%
S 184,021 Shreveport
86%
H 33,018 Houma
62%
K 65,364 Kenner
62%
A 44,787 Alexandria
57%
M 47,284 Monroe
52%
R 22,227 Ruston
43%
D 9,745 DeRidder
33%
T 15,237 Thibodaux
33%
Z 20,007 Zachary
29%
O 15,558 Opelousas
24%
G 17,590 Gretna
19%
W 12,856 West Monroe
19%
V 6,368 Ville Platte
14%
Y 16,432 Youngsville
14%
C 29,958 Central
10%
E 9,310 Eunice
10%
F 6,546 Franklin
10%
I 3,180 Iowa
10%
J 9,697 Jennings
10%
Q 155 Quitman
10%
P 14,501 Pineville
5%
U 700 Urania
5%
No matching quizzes found
Score Distribution
Percent of People with Each Score
Percentile by Number Answered
Your Score History
You have not taken this quiz